Thư tịch báo chí Việt Nam

Tallennettuna:
Bibliografiset tiedot
Päätekijä: Tô, Huy Rứa
Aineistotyyppi: Kirja
Kieli:Undetermined
Julkaistu: Hà Nội Chính trị Quốc gia 1998
Aiheet:
Tagit: Lisää tagi
Ei tageja, Lisää ensimmäinen tagi!
Thư viện lưu trữ: Trung tâm Học liệu Trường Đại học Cần Thơ
LEADER 00542nam a2200205Ia 4500
001 CTU_50067
008 210402s9999 xx 000 0 und d
020 |c 53500 
082 |a 070.025 
082 |b R551 
100 |a Tô, Huy Rứa 
245 0 |a Thư tịch báo chí Việt Nam 
245 0 |c Tô Huy Rứa 
260 |a Hà Nội 
260 |b Chính trị Quốc gia 
260 |c 1998 
650 |a Press 
650 |x Bibliography 
904 |i Huynh Mai 
980 |a Trung tâm Học liệu Trường Đại học Cần Thơ